000 00395nam a2200145 a 4500
001 000030487
005 20200930062335.0
008 110518s19uu dr a 000 0 spa d
040 _aDO-SdBNP
_bspa
_cBNPHU
082 _axxx
_bA411h
245 0 0 _aAlimentación, higiene y evaluación del niño.
260 _aSanto Domingo :
_bProfamilia,
_c[19--?].
300 _a39 p. ;
_c23 cm.
049 _aBNPD
999 _c29979
_d29979